Movies Quiz

Random Movies Quiz

2014 Movie Mugs Quiz Stats

Quiz not verified by Sporcle

Challenge
Share
Tweet
Score 0/10 Timer 05:00
0 Plays Today
% Correct
The LEGO Movie
100%
Captain America
95.1%
Maleficent
88.5%
Transformers
85.2%
How to Train Your Dragon 2
83.6%
X-Men
82%
22 Jump Street
82%
Guardians of the Galaxy
80.3%
Dawn of the Planet of the Apes
60.7%
Nightcrawler
57.4%

You're not logged in!

Compare scores with friends on all Sporcle quizzes.
Join for Free
OR
Log In

You Might Also Like...

Show Comments

Extras

Created May 6, 2016ReportNominate
Tags:2014

Top Quizzes Today


Score Distribution

Your Account Isn't Verified!

In order to create a playlist on Sporcle, you need to verify the email address you used during registration. Go to your Sporcle Settings to finish the process.

Report this User

Report this user for behavior that violates our Community Guidelines.

Details: